Score 0/15 Timer 02:00
0 Plays Today
Question Answer Wrong Answers
Hamlet ----- William Shakespeare Right
89.8%
Wrong
1.1%
Death of a Salesman ----- Agatha Christie Wrong
89.4%
Right
5.4%
Doctor Faustus ----- William Shakespeare Wrong
88.4%
Right
2%
The Importance of Being Earnest ----- Oscar Wilde Right
87%
Wrong
3.9%
Waiting for Godot ----- Samuel Beckett Right
86%
Wrong
8.5%
Uncle Vanya ----- Anton Chekhov Right
85.1%
Wrong
6.8%
Long Day's Journey into Night ----- John Lennon Wrong
84.5%
Right
6.4%
The Glass Menagerie ----- Anton Chekhov Wrong
81.2%
Right
12.6%
Pygmalion ----- George Bernard Shaw Right
80.7%
Wrong
9.6%
Our Town ----- Thornton Wilder Right
78.3%
Wrong
12.1%
Oedipus Rex ----- Sophocles Right
76.9%
Wrong
13.5%
A Raisin in the Sun ----- Lorraine Hansberry Right
70.2%
Wrong
29.8%
The Bald Soprano ----- Eugene Ionesco Right
66.5%
Wrong
26.4%
Look Back in Anger ----- Noel Coward Wrong
65.2%
Right
26.1%
Angels in America ----- Tony Kushner Right
64.9%
Wrong
25.3%
Remove Ads.
Support Sporcle.
Get the best of Sporcle when you Go Orange. This ad-free experience offers more features, more stats, and more fun while also helping to support Sporcle. Thank you for becoming a member.

You're not logged in!

Compare scores with friends on all Sporcle quizzes.
OR
Log In

Sporcle TV

Today on Sporcle TV


Watch our educational content, quiz creation guides, and fun videos on Sporcle TV.

Show Comments

Extras

Top Quizzes Today


Score Distribution

Paid Content

Your Account Isn't Verified!

In order to create a playlist on Sporcle, you need to verify the email address you used during registration. Go to your Sporcle Settings to finish the process.

Report this User

Report this user for behavior that violates our Community Guidelines.

Details: